|
|
|
|
| LEADER |
00000cam a2200000 7i4500 |
| 001 |
0000031991 |
| 005 |
20190414093000.0 |
| 008 |
021119s1994 |
| 020 |
|
|
|a 0135308747
|
| 090 |
0 |
0 |
|a HD57.7
|b .Y85 1994
|
| 100 |
0 |
|
|a Yukl, Gary A. ,
|d 1940- ,
|e author
|
| 245 |
1 |
0 |
|a Leadership in organizations
|c Gary Yukl
|
| 250 |
|
|
|a 3rd ed
|
| 260 |
2 |
|
|a Englewood Cliffs, NJ :
|b Prentice Hall ,
|c c1994
|
| 300 |
|
|
|a xiii, 498 p. ;
|c 25 cm.
|
| 504 |
|
|
|a Includes bibliographical references and index
|
| 650 |
|
0 |
|a Decision making
|
| 650 |
|
0 |
|a Leadership
|
| 650 |
|
0 |
|a Organization
|
| 999 |
|
|
|a 1000063858
|b Book
|c OPEN SHELF (30 DAYS)
|e Gong Badak Campus
|